000 00449nam a22001217a 4500
008 230619b xxu||||| |||| 00| 0 eng d
082 _a305.42
_bUN
100 _cUN
245 _aReport of the committee on the Elimination of Discrimination Against Women
_bSixteenth and seventeenth sessions
_cGeneral Assembly official records. Fifty-second session
_hsupplement No.38(A/52/38/Rev.1)
260 _aNew York
_bUN
_c1997
300 _a162p
942 _2ddc
_cBK
999 _c1392
_d1392